000 00437nam a2200181Ia 4500
005 20250423095143.0
008 250422s9999 xx 000 0 und d
020 _a978-0-07-451575-4 / 0-07-451575-4
050 _aTK 3001 .M47/
100 _aDeshpande, M. V.
245 0 _aElectrical power system design
260 _aNew Delhi
260 _bTata McGraw-Hill
260 _c2008
300 _a362 p
650 _aEE
942 _cBK
999 _c29402
_d29402